000 00464nam a2200157 i 4500
001 147211
003 ES-MaACL
005 20230906201901.0
007 t|
008 070924s1907 xxk ||||1| eng d
100 1 _aTyrrell, George.
_9111809
245 1 0 _aThrough Scylla and Charybdis, on the old theology and the new /
_cGoerge Tyrrell.
260 _aLondon :
_bLongmans, Green and Co,
_c1907.
300 _aXI, 386 p. ;
_c20 cm.
852 _aES-MaACL
_jF-10278
999 _c147211
_d147211